Rosa Parks : (Record no. 5007)
[ view plain ]
| 000 -LEADER | |
|---|---|
| fixed length control field | 00956nam a22002417a 4500 |
| 001 - CONTROL NUMBER | |
| control field | 5007 |
| 003 - CONTROL NUMBER IDENTIFIER | |
| control field | FISKH |
| 005 - DATE AND TIME OF LATEST TRANSACTION | |
| control field | 20250820100454.0 |
| 008 - FIXED-LENGTH DATA ELEMENTS--GENERAL INFORMATION | |
| fixed length control field | 241031b cb ||||| |||| 00| 0 eng d |
| 020 ## - INTERNATIONAL STANDARD BOOK NUMBER | |
| International Standard Book Number | 9781404209275 |
| 040 ## - CATALOGING SOURCE | |
| Original cataloging agency | FISKH |
| Language of cataloging | eng |
| Transcribing agency | FISKH |
| Modifying agency | FISKH |
| 050 ## - LIBRARY OF CONGRESS CALL NUMBER | |
| Classification number | F334.M753 |
| 082 ## - DEWEY DECIMAL CLASSIFICATION NUMBER | |
| Classification number | 323.092 |
| 100 ## - MAIN ENTRY--PERSONAL NAME | |
| Personal name | Shone, Rob |
| 245 ## - TITLE STATEMENT | |
| Title | Rosa Parks : |
| Remainder of title | The Life of a Civil Rights Heroine / |
| Statement of responsibility, etc. | by Rob Shone & illustrated by Nick Spender |
| 260 ## - PUBLICATION, DISTRIBUTION, ETC. | |
| Place of publication, distribution, etc. | New York : |
| Name of publisher, distributor, etc. | Rosen Classroom Books & Materials ; |
| Date of publication, distribution, etc. | 2007 . |
| 300 ## - PHYSICAL DESCRIPTION | |
| Extent | 48 pages : |
| Other physical details | color illustrations ; |
| Dimensions | 26 cm . |
| 520 ## - SUMMARY, ETC. | |
| Summary, etc. | This fair, balanced, and non-politicized biography chronicles the timeline of a woman thrown into extraordinary circumstances when she set off a series of events that would change history by refusing to move to the back of a bus. |
| 650 ## - SUBJECT ADDED ENTRY--TOPICAL TERM | |
| Topical term or geographic name entry element | African American women |
| Form subdivision | non-fiction |
| 700 ## - ADDED ENTRY--PERSONAL NAME | |
| Personal name | Spender, Nick |
| Relator term | illustrator |
| 942 ## - ADDED ENTRY ELEMENTS (KOHA) | |
| Source of classification or shelving scheme | Dewey Decimal Classification |
| Koha item type | Books |
| Suppress in OPAC | No |
| Withdrawn status | Lost status | Source of classification or shelving scheme | Damaged status | Not for loan | Collection | Home library | Current library | Shelving location | Date acquired | Total Checkouts | Full call number | Barcode | Date last seen | Price effective from | Koha item type | Copy number |
|---|---|---|---|---|---|---|---|---|---|---|---|---|---|---|---|---|
| Dewey Decimal Classification | Non-Fiction | Footprints International School Library Network Toul Tom Poung Campus | Footprints International School Library Network Toul Tom Poung Campus | TTP Secondary Non-Fiction Bookshelves | 10/31/2024 | SHO 323.092 F334.M753 | FISSE01404 | 10/31/2024 | 10/31/2024 | Books | ||||||
| Dewey Decimal Classification | Non-Fiction | Footprints International School Library Network Toul Tom Poung Campus | Footprints International School Library Network Toul Tom Poung Campus | TTP Secondary Non-Fiction Bookshelves | 08/20/2025 | SHO 323.092 F334.M753 | FIS04586 | 08/20/2025 | 08/20/2025 | Books | 2 |
